Geography Quiz

Random Geography or World Quiz
Score 0/13 Timer 03:00
2 Plays Today
Continent Country % Correct
EuropeItaly
85.4%
North AmericaUnited States
71.4%
EuropeUnited Kingdom
64.2%
EuropeLithuania
63.8%
North AmericaHaiti
56.7%
North AmericaSt. Kitts and Nevis
53.9%
EuropeSwitzerland
53.5%
AsiaUnited Arab Emirates
53%
AfricaMauritania
50%
AfricaMauritius
45.4%
EuropeVatican City
39.4%
AfricaEritrea
38.9%
AsiaKuwait
33.6%

You're not logged in!

Compare scores with friends on all Sporcle quizzes.
OR
Log In

Sporcle TV

Today on Sporcle TV


Watch our educational content, quiz creation guides, and fun videos on Sporcle TV.

Show Comments

Extras

Top Quizzes Today


Score Distribution

Paid Content

Your Account Isn't Verified!

In order to create a playlist on Sporcle, you need to verify the email address you used during registration. Go to your Sporcle Settings to finish the process.

Report this User

Report this user for behavior that violates our Community Guidelines.

Details: